Behavioral sciences and mental health: an anthology of program reports

Saved in:  
Bibliographic Details
Contributors: Rubinstein, Eli A. (Editor)
Format: Print Book
Language:English
Published: Washington, D.C US Gov. Print. Office
Availability in Tübingen:Present in Tübingen.
IFK: N IV 48
Check availability: HBZ Gateway
Subito Delivery Service: Order now.

MARC

LEADER 00000cam a22000002c 4500
001 1522000453
003 DE-627
005 20220603164206.0
007 tu
008 151116nuuuuuuuuxx ||||| 00| ||eng c
035 |a (DE-627)1522000453 
035 |a (DE-576)452000459 
035 |a (DE-599)BSZ452000459 
040 |a DE-627  |b ger  |c DE-627  |e rakwb 
041 |a eng 
245 0 0 |a Behavioral sciences and mental health  |b an anthology of program reports 
264 1 |a Washington, D.C  |b US Gov. Print. Office 
300 |a 419 S. 
336 |a Text  |b txt  |2 rdacontent 
337 |a ohne Hilfsmittel zu benutzen  |b n  |2 rdamedia 
338 |a Band  |b nc  |2 rdacarrier 
700 1 |a Rubinstein, Eli A.  |e Hrsg.  |4 edt 
951 |a BO 
ELC |b 1 
LOK |0 000 xxxxxcx a22 zn 4500 
LOK |0 001 2873279079 
LOK |0 003 DE-627 
LOK |0 004 1522000453 
LOK |0 005 20151116135233 
LOK |0 008 150728||||||||||||||||ger||||||| 
LOK |0 035   |a (DE-21-110)kd44159 
LOK |0 040   |a DE-21-110  |c DE-627  |d DE-21-110 
LOK |0 852   |a DE-21-110 
LOK |0 852 1  |c N IV 48  |m p  |9 00 
LOK |0 935   |a k110 
LOK |0 938   |k p 
LOK |0 939   |a 28-07-15  |b l01 
ORI |a SA-MARC-krimdoka001.raw 
SIG |a IFK: N IV 48